000 00778nam a22002777a 4500
001 BR9903101
003 BR-BrBNA
005 20230928100421.0
007 ta
008 230509b bl.||||| |||| 00| 0 por d
040 _aBR-BrBNA
_bpor
_cBiblioteca Nacional de Agricultura
041 _a(Por)
072 _aF01
_b0430
090 _ 0430 BR9903101
110 1 _aAssociacao Brasileira da Industria Textil, Sao Paulo, SP (Brasil)
_9192
245 1 _aProposta para recuperacao da cotonicultura brasileira
260 3 _aSao Paulo, SP (Brasil):
_c1997.
300 _a44 p.
500 _a43 illus.
650 _aAlgodao
650 _aProducao Vegetal
650 _aIndustria Textil
650 _aEconomia Agricola
909 _a202309
_bLucia
_c55
_dLucia Elande
942 _cBK
999 _c61249
_d61249